| 000 | 01095 a2200241 4500 | ||
|---|---|---|---|
| 003 | Nust | ||
| 005 | 20221006143242.0 | ||
| 010 | _a 2004026784 | ||
| 020 | _a0125947518 (casebound : alk. paper) | ||
| 040 | _cNust | ||
| 082 | 0 | 0 | _a621.992,RON |
| 100 | 1 |
_aRong, Yiming, _999322 |
|
| 245 | 1 | 0 |
_aAdvanced computer-aided fixture design / _cYiming (Kevin) Rong, Samuel H. Huang, Zhikun Hou. |
| 260 |
_aAmsterdam ; _aBoston : _bElsevier, _c2005. |
||
| 300 |
_ax, 414 p. : _bill. ; _c23 cm. |
||
| 505 | _aIntroduction (Page-1), Computerized Manufacturing Setup Planning (Page-8), Computer-aided Fixture Design (Page-94), Computer-aided Fixture Design verification (Page-211), Fixturing Stiffness Analysis (Page-259), Fixturing Modeling and Analysis (Page-344). | ||
| 650 | 0 | _aTelecommunication Engineering | |
| 700 | 1 |
_aHou, Zhikun. _999323 |
|
| 700 | 1 |
_aHuang, Samuel H. _999324 |
|
| 856 | 4 | 1 |
_3Publisher description _uhttp://www.loc.gov/catdir/enhancements/fy0617/2004026784-d.html |
| 856 | 4 | 1 |
_3Table of contents only _uhttp://www.loc.gov/catdir/toc/ecip054/2004026784.html |
| 942 |
_cREF _2ddc |
||
| 999 |
_c174710 _d174710 |
||